|
|
|
|
| LEADER |
00000cam a2200000 a 4500 |
| 001 |
vtls001317492 |
| 003 |
SK-MaSNL |
| 005 |
20260301155929.0 |
| 008 |
240315s1996 xo r 000 p slo |
| 015 |
|
|
|a SNBA1998/04-01458
|
| 020 |
|
|
|a 8085170264
|
| 035 |
|
|
|a SNK000270015
|
| 035 |
|
|
|a urn:nbn:sk:snk-amjc76
|
| 035 |
|
|
|a urn:nbn:sk:snk-am003pk9
|
| 035 |
|
|
|a CA964AA3-3E63-4DBE-909F-7B20C2300193
|
| 040 |
|
|
|a SNK
|b slo
|c SNK
|e AACR2
|
| 041 |
0 |
|
|a slo
|
| 044 |
|
|
|a xo
|c SK
|
| 080 |
|
|
|a 885.4-1
|2 1981
|
| 100 |
1 |
|
|a Ferko, Milan,
|d 1929-2010
|4 aut
|9 134529
|
| 245 |
1 |
0 |
|a Rovnováha
|c Milan Ferko
|
| 250 |
|
|
|a 2. nezm. vyd.
|
| 260 |
|
|
|a Bratislava
|b Univerzitná knižnica
|c 1996
|
| 300 |
|
|
|a 81 s.
|c 20 cm
|
| 500 |
|
|
|a Ilustrácie na frontispice
|
| 655 |
|
7 |
|a slovenská poézia
|2 SNKPH
|9 70444
|
| 655 |
|
7 |
|a lyrická poézia
|2 SNKPH
|9 70613
|
| 852 |
|
|
|a Slovenská národná knižnica
|
| 919 |
|
|
|a 80-85170-26-4
|
| 958 |
|
|
|a TL
|
| 958 |
|
|
|a LX
|
| 999 |
|
|
|c 803298
|d 805228
|
| 952 |
|
|
|t P60, <09>, [BOOK], {629}
|a SNK
|b SNK
|y NEVYP
|7 0
|o snkD 13
|i snk114/980127
|0 0
|1 0
|4 0
|d 1998-01-26
|l 0
|r 2005-01-02 00:00:00
|w 2026-02-24
|
| 952 |
|
|
|t P60, <03>, [BOOK], {603}
|a SNK
|b SNK
|y PREZ
|7 0
|p 17A0118882
|o snkSD 69195
|i snkKSP 747/98
|0 0
|1 0
|4 0
|d 1998-01-26
|l 0
|r 2005-01-02 00:00:00
|w 2026-02-24
|
| 952 |
|
|
|t P60, <04>, [BOOK], {604}
|a SNK
|b SNK
|y VYP
|7 0
|p 17A0118883
|o snkSD 69195 D1
|i snkKSP 748/98
|0 0
|1 0
|4 0
|d 1998-01-26
|f 1
|l 0
|r 2005-01-02 00:00:00
|w 2026-02-24
|